[Event "Agneaux St Lo IM"]
[Site "Agneaux"]
[Date "2006.07.14"]
[Round "7"]
[White "Hrzica, Rok"]
[Black "Orlov, Andrey"]
[Result "0-1"]
[WhiteElo "2261"]
[BlackElo "2439"]
[PlyCount "86"]
[EventDate "2006.07.08"]
[EventType "tourn"]
[EventRounds "9"]
[EventCountry "FRA"]
[EventCategory "4"]
[SourceTitle "CBM 113 Extra"]
[Source "ChessBase"]
[SourceDate "2006.09.14"]
[SourceVersion "1"]
[SourceVersionDate "2006.09.14"]
[SourceQuality "1"]

1. e4 e5 2. Nf3 Nc6 3. Nc3 Nf6 4. d4 exd4 5. Nd5 Nb4 6. Nxf6+ Qxf6 7. Bc4 Bc5 8. 0-0 d6 9. e5 dxe5 10. Nxe5 0-0 11. Nd3 Nxd3 12. Bxd3 g6 13. Bh6 Re8 14. Qd2 Bf8 15. Bg5 Qd6 16. f4 f5 17. Rae1 Bd7 18. Bc4+ Kh8 19. c3 Bg7 20. cxd4 Qxd4+ 21. Qxd4 Bxd4+ 22. Kh1 Rxe1 23. Rxe1 Re8 24. Rxe8+ Bxe8 25. b3 Kg7 26. Bd8 c6 27. g3 Bf7 28. Bxf7 Kxf7 29. Kg2 Ke6 30. Kf3 Kd5 31. h3 b5 32. g4 c5 33. Ba5 c4 34. Bb4 Bb6 35. Bc3 cxb3 36. axb3 a5 37. gxf5 gxf5 38. Ke2 Ke4 39. Bd2 a4 40. bxa4 bxa4 41. Bb4 Be3 42. Ba3 Bxf4 43. Kf2 Be3+ 0-1

[Event "Agneaux St Lo IM"]
[Site "Agneaux"]
[Date "2006.07.13"]
[Round "6"]
[White "Feller, Sebastien"]
[Black "Hrzica, Rok"]
[Result "1/2-1/2"]
[WhiteElo "2345"]
[BlackElo "2261"]
[PlyCount "131"]
[EventDate "2006.07.08"]
[EventType "tourn"]
[EventRounds "9"]
[EventCountry "FRA"]
[EventCategory "4"]
[SourceTitle "CBM 113 Extra"]
[Source "ChessBase"]
[SourceDate "2006.09.14"]
[SourceVersion "1"]
[SourceVersionDate "2006.09.14"]
[SourceQuality "1"]

1. d4 c6 2. c4 d5 3. Nc3 Nf6 4. Nf3 Ne4 5. e3 e6 6. Bd3 f5 7. Ne5 Nf6 8. g4 fxg4 9. Nxg4 Nbd7 10. Rg1 Nxg4 11. Qxg4 Nf6 12. Qh4 Qe7 13. Bg6+ Kd8 14. Bd3 Bd7 15. Bd2 Rc8 16. 0-0-0 Kc7 17. e4 Nxe4 18. Qf4+ e5 19. dxe5 g5 20. Qe3 Nxd2 21. cxd5 cxd5 22. Rxd2 Kb8 23. Kb1 Be6 24. Nb5 Qc5 25. Nd4 Qb6 26. Bf5 Bxf5+ 27. Nxf5 Bc5 28. Qd3 Bb4 29. Re2 Qg6 30. Rd1 Rhe8 31. Nd4 Qxd3+ 32. Rxd3 Ba5 33. Nb3 Bc7 34. Rxd5 Re7 35. Nc5 Rce8 36. h3 Kc8 37. Nd3 b6 38. Re4 h6 39. a3 Rd7 40. Rxd7 Kxd7 41. f4 gxf4 42. Rxf4 Bxe5 43. Rf7+ Kc8 44. Rh7 Bc7 45. Rxh6 a5 46. Kc2 Kd7 47. a4 Bd6 48. Kc3 Re4 49. b3 Bc7 50. Rg6 Rh4 51. b4 axb4+ 52. Nxb4 Rxh3+ 53. Kc4 Bd6 54. Nd5 Kc6 55. Nb4+ Kd7 56. Rg7+ Ke6 57. Nc6 Ra3 58. Nd4+ Kf6 59. Ra7 Bc5 60. Nb3 Bg1 61. Kb4 Ra2 62. Rd7 Ke6 63. Rd1 Rg2 64. Re1+ Kd6 65. Rd1+ Kc6 66. Rc1+ 1/2-1/2

[Event "EU-ch U16"]
[Site "Herceg Novi"]
[Date "2005.09.21"]
[Round "7"]
[White "Fragakis, Efstratios"]
[Black "Hrzica, Rok"]
[Result "0-1"]
[WhiteElo "2100"]
[BlackElo "2227"]
[PlyCount "52"]
[EventDate "2005.09.14"]
[EventType "swiss"]
[EventRounds "9"]
[EventCountry "YUG"]
[SourceTitle "CBM 108 Extra"]
[Source "ChessBase"]
[SourceDate "2005.11.04"]
[SourceVersion "1"]
[SourceVersionDate "2005.11.04"]
[SourceQuality "1"]

1. e4 c5 2. Nf3 Nf6 3. Nc3 Nc6 4. d4 d5 5. exd5 Nxd5 6. Nxd5 Qxd5 7. c4 Qe4+ 8. Be3 cxd4 9. Nxd4 e5 10. Nxc6 Qxc6 11. Qb3 Be6 12. Qb5 Qxb5 13. cxb5 Bb4+ 14. Bd2 Bxd2+ 15. Kxd2 0-0-0+ 16. Kc3 Kb8 17. Bc4 Bxc4 18. Kxc4 Rd2 19. Kb3 Rxf2 20. Raf1 Rxf1 21. Rxf1 f6 22. Rd1 Kc7 23. a4 Rd8 24. Rc1+ Kd7 25. a5 Rc8 26. Rd1+ Ke6 0-1

[Event "EU-ch U16"]
[Site "Herceg Novi"]
[Date "2005.09.20"]
[Round "6"]
[White "Hrzica, Rok"]
[Black "Schiendorfer, Florian"]
[Result "1/2-1/2"]
[WhiteElo "2227"]
[BlackElo "2058"]
[PlyCount "46"]
[EventDate "2005.09.14"]
[EventType "swiss"]
[EventRounds "9"]
[EventCountry "YUG"]
[SourceTitle "CBM 108 Extra"]
[Source "ChessBase"]
[SourceDate "2005.11.04"]
[SourceVersion "1"]
[SourceVersionDate "2005.11.04"]
[SourceQuality "1"]

1. e4 e6 2. e5 d6 3. exd6 cxd6 4. d4 Nf6 5. Bd3 Be7 6. Nf3 0-0 7. Nc3 a6 8. Ne4 Nbd7 9. Ng3 b5 10. 0-0 Bb7 11. Qe2 Nb6 12. Ng5 Rc8 13. f4 h6 14. Nh3 Qd7 15. f5 Nbd5 16. a3 e5 17. c3 Rfe8 18. Nh5 Bd8 19. Nxf6+ Nxf6 20. dxe5 Bb6+ 21. Kh1 Rxe5 22. Qc2 Nd5 23. Nf4 Ne3 1/2-1/2

[Event "EU-ch U16"]
[Site "Herceg Novi"]
[Date "2005.09.17"]
[Round "4"]
[White "Hrzica, Rok"]
[Black "Papadopoulos, Nikolaos"]
[Result "0-1"]
[WhiteElo "2227"]
[BlackElo "2055"]
[PlyCount "50"]
[EventDate "2005.09.14"]
[EventType "swiss"]
[EventRounds "9"]
[EventCountry "YUG"]
[SourceTitle "CBM 108 Extra"]
[Source "ChessBase"]
[SourceDate "2005.11.04"]
[SourceVersion "1"]
[SourceVersionDate "2005.11.04"]
[SourceQuality "1"]

1. e4 c5 2. Nf3 Nc6 3. c4 g6 4. d4 cxd4 5. Nxd4 Bg7 6. Be3 Nf6 7. Nc3 0-0 8. Be2 d6 9. 0-0 a5 10. Ndb5 Nd7 11. Qd2 Nc5 12. f3 a4 13. Rfd1 Qa5 14. Rac1 Be6 15. Nd5 Qxd2 16. Rxd2 Bxd5 17. cxd5 Nb4 18. Bc4 Rfc8 19. a3 Nb3 20. axb4 Nxc1 21. Rc2 Nb3 22. Na7 Nd4 23. Nxc8 Nxc2 24. Nb6 Nxe3 25. Nxa8 Nxc4 0-1

[Event "EU-ch U16"]
[Site "Herceg Novi"]
[Date "2005.09.15"]
[Round "2"]
[White "Hrzica, Rok"]
[Black "Edouard, Romain"]
[Result "0-1"]
[WhiteElo "2227"]
[BlackElo "2334"]
[PlyCount "64"]
[EventDate "2005.09.14"]
[EventType "swiss"]
[EventRounds "9"]
[EventCountry "YUG"]
[SourceTitle "CBM 108 Extra"]
[Source "ChessBase"]
[SourceDate "2005.11.04"]
[SourceVersion "1"]
[SourceVersionDate "2005.11.04"]
[SourceQuality "1"]

1. e4 c5 2. Nf3 g6 3. d4 cxd4 4. Nxd4 Nc6 5. Nxc6 bxc6 6. Qd4 Nf6 7. e5 Nd5 8. e6 f6 9. exd7+ Bxd7 10. Nc3 Qb6 11. Qxb6 axb6 12. Nxd5 cxd5 13. Be3 e5 14. c3 Bc5 15. Bh6 Ke7 16. Bd3 b5 17. f3 b4 18. cxb4 Bxb4+ 19. Ke2 Rhb8 20. Rhc1 Bd6 21. b3 f5 22. Bg5+ Ke6 23. Rh1 h6 24. Bd2 e4 25. fxe4 fxe4 26. Rae1 Rxa2 27. Kd1 Ra1+ 28. Bc1 Ba3 29. Kc2 Rxc1+ 30. Rxc1 exd3+ 31. Kxd3 Bxc1 32. Rxc1 Rxb3+ 0-1

[Event "Schwarzach op"]
[Site "Schwarzach"]
[Date "2005.08.??"]
[Round "2"]
[White "Hrzica, Rok"]
[Black "Burmakin, Vladimir"]
[Result "0-1"]
[WhiteElo "2273"]
[BlackElo "2508"]
[PlyCount "120"]
[EventDate "2005.08.??"]
[EventType "swiss"]
[EventRounds "9"]
[EventCountry "AUT"]
[SourceTitle "EXT 2007"]
[Source "ChessBase"]
[SourceDate "2006.11.23"]
[SourceVersion "1"]
[SourceVersionDate "2006.11.23"]
[SourceQuality "1"]

1. e4 c6 2. d4 d5 3. exd5 cxd5 4. c4 Nf6 5. Nc3 g6 6. cxd5 Bg7 7. Bb5+ Nbd7 8. d6 exd6 9. Qe2+ Kf8 10. Nf3 Nb6 11. 0-0 h6 12. Bf4 Kg8 13. Rfe1 Kh7 14. Ne4 Nxe4 15. Qxe4 Be6 16. Bg3 Nd5 17. Bc4 Nf6 18. Qd3 d5 19. Bb3 Qb6 20. Rac1 Rhc8 21. Nh4 Ne4 22. Rcd1 a5 23. f3 Nxg3 24. hxg3 a4 25. Bc2 Qxd4+ 26. Kh2 Qxd3 27. Bxd3 Rc6 28. Rd2 a3 29. Rde2 axb2 30. Nxg6 Rc1 31. Nf4+ Kg8 32. Nxe6 Rxe1 33. Rxe1 Re8 34. Bf5 Kh8 35. Re3 fxe6 36. Bg6 Re7 37. f4 Bd4 38. Rb3 Kg7 39. Bd3 Kf6 40. Rb4 e5 41. fxe5+ Kxe5 42. Kh3 Rc7 43. Kg4 b6 44. Rb3 Rc6 45. Bb1 Rc1 46. Bg6 Kf6 47. Bd3 Rd1 48. Bh7 Rd2 49. Bg8 Ke5 50. Rb5 Bc5 51. Kh3 Kd4 52. Bh7 Kc4 53. Rb3 b5 54. Bg6 b4 55. Bh5 Bd4 56. Kh2 Bc3 57. Kg1 d4 58. Bf7+ Kc5 59. Kh2 Rd1 60. Bg6 d3 0-1

[Event "Schwarzach op"]
[Site "Schwarzach"]
[Date "2005.08.??"]
[Round "5"]
[White "Hrzica, Rok"]
[Black "Leichtfried, Hans Martin"]
[Result "1-0"]
[WhiteElo "2273"]
[BlackElo "2106"]
[PlyCount "111"]
[EventDate "2005.08.??"]
[EventType "swiss"]
[EventRounds "9"]
[EventCountry "AUT"]
[SourceTitle "EXT 2007"]
[Source "ChessBase"]
[SourceDate "2006.11.23"]
[SourceVersion "1"]
[SourceVersionDate "2006.11.23"]
[SourceQuality "1"]

1. e4 c5 2. Nf3 Nc6 3. d4 cxd4 4. Nxd4 Nf6 5. Nc3 e5 6. Ndb5 d6 7. Nd5 Nxd5 8. exd5 Nb8 9. c4 a6 10. Nc3 Be7 11. Bd3 0-0 12. f4 exf4 13. 0-0 f5 14. Bxf4 g6 15. Qf3 Bg5 16. Rae1 Qb6+ 17. Rf2 Bf6 18. Kh1 Nd7 19. Rfe2 Ne5 20. Qg3 Bd7 21. b3 Rfe8 22. Bb1 Ng4 23. h3 Ne5 24. Rf1 Qd8 25. Nd1 Qc7 26. Ne3 Kh8 27. Bg5 Qd8 28. Bxf6+ Qxf6 29. Qf2 Qd8 30. Nd1 Qc7 31. Qh4 Qd8 32. Qd4 Kg8 33. Rfe1 b6 34. Nf2 Qc7 35. h4 Qc5 36. Qf4 b5 37. Nd3 Nxd3 38. Bxd3 Rxe2 39. Rxe2 Re8 40. h5 Rxe2 41. Bxe2 bxc4 42. Bxc4 Bb5 43. Qh6 gxh5 44. Qg5+ Kh8 45. Qxf5 Kg7 46. Qg5+ Kh8 47. Qf5 Kg7 48. Qxh5 Bxc4 49. Qg4+ Kf7 50. Qf4+ Kg7 51. bxc4 Qb4 52. Kh2 Qa3 53. Qg3+ Qxg3+ 54. Kxg3 Kf6 55. Kf4 h6 56. Ke4 1-0

[Event "Schwarzach op"]
[Site "Schwarzach"]
[Date "2005.08.??"]
[Round "9"]
[White "Hrzica, Rok"]
[Black "Wippermann, Till"]
[Result "1/2-1/2"]
[WhiteElo "2273"]
[BlackElo "2446"]
[PlyCount "120"]
[EventDate "2005.08.??"]
[EventType "swiss"]
[EventRounds "9"]
[EventCountry "AUT"]
[SourceTitle "EXT 2007"]
[Source "ChessBase"]
[SourceDate "2006.11.23"]
[SourceVersion "1"]
[SourceVersionDate "2006.11.23"]
[SourceQuality "1"]

1. e4 c5 2. c3 g6 3. d4 Qc7 4. Nf3 d6 5. Be3 Nf6 6. Bd3 Bg7 7. 0-0 0-0 8. h3 b6 9. c4 cxd4 10. Nxd4 Bb7 11. Nc3 Nbd7 12. Nd5 Qd8 13. Rc1 Nc5 14. f3 Nxd3 15. Qxd3 e6 16. Nxf6+ Bxf6 17. b3 Qe7 18. Rfd1 Rfd8 19. Nb5 Ba6 20. a4 Rd7 21. Bf4 Rad8 22. Re1 Qf8 23. Kh1 Qg7 24. Qe3 g5 25. Bg3 Qg6 26. Rcd1 Be7 27. Nc3 h5 28. f4 h4 29. Bh2 g4 30. f5 Qg7 31. hxg4 Qxg4 32. Rf1 Bg5 33. Bf4 Bf6 34. Bh6 Bxc3 35. Qxc3 Kh7 36. fxe6 Rg8 37. Qf3 fxe6 38. Bf4 Bb7 39. Kh2 Rdg7 40. Rf2 e5 41. Qxg4 Rxg4 42. Bc1 Bxe4 43. Rdd2 R8g6 44. Ba3 R4g5 45. Bxd6 h3 46. g4 Rxg4 47. Bxe5 Rg2+ 48. Rxg2 hxg2 49. Kg1 Re6 50. Bg3 Rf6 51. Rf2 Rh6 52. Bh2 Kg6 53. Rf4 Bb7 54. Rd4 Rh7 55. a5 bxa5 56. c5 Rf7 57. c6 Bxc6 58. Rd6+ Rf6 59. Rxf6+ Kxf6 60. Bb8 a6 1/2-1/2